Wealth Versus Debt in V4 Countries

Porovnanie bohatstva krajín, ktoré mali spoločnú minulosť a štartovaciu čiaru po páde železnej opony. Poukázanie na rozdielnu výšku dlhov a úspor v domácnostiach. Výpočet ukazovateľa Allianz Wealth Equity.

Gespeichert in:
Bibliographische Detailangaben
1. Verfasser: Pavelka, Ľuboš, 1962-
Weitere Verfasser: Martiška, Rastislav
Format: Buchkapitel
Sprache:Englisch
Schlagworte:
Tags: Tag hinzufügen
Keine Tags, Fügen Sie das erste Tag hinzu!

MARC

LEADER 00000naa$a2200000$$$4500
001 0259460
005 20240502074114.3
041 0 |a eng 
044 |a SK 
245 1 0 |a Wealth Versus Debt in V4 Countries  |c Ľuboš Pavelka, Rastislav Martiška 
520 |a Porovnanie bohatstva krajín, ktoré mali spoločnú minulosť a štartovaciu čiaru po páde železnej opony. Poukázanie na rozdielnu výšku dlhov a úspor v domácnostiach. Výpočet ukazovateľa Allianz Wealth Equity. 
610 2 0 |a dlhy verejné 
610 2 0 |a bohatstvo 
610 2 0 |a porovnanie medzinárodné 
610 2 0 |a domácnosti 
610 2 0 |a úspory 
100 1 |a Pavelka, Ľuboš, 1962- 
700 1 |a Martiška, Rastislav